Riconosci il Pokémon - Quiz n°537 - Statistics

Statistiche generali
  • Questo quiz è stato fatto 23 volte
  • Il punteggio medio è 8 su 10
Statistiche sulle risposte
Indizio Risposta % Corretto
Tipo Coleottero / Volante
100%
Stadio evoluzione Forma Base
100%
Generazione Seconda
100%
Altezza 1,2 m
85%
Peso 38,0 kg
85%
Sesso 50% ♂, 50% ♀
85%
Tasso di cattura 75 (17.5%)
85%
Abilità Acceleratore; Insettocchi; Indagine
85%
Tasso di allevamento Medio-Veloce
85%
Pokémon Yanma
38%
Nessun quiz corrispondente trovato
Distribuzione punteggi
Percentuale di utenti per punteggio
Percentile per numero di risposta
I tuoi punteggi nel tempo
Non hai fatto questo quiz